The new law of the land: papers from a conference organised by the Law Society, the Bar Council and the Royal Institution of Chartered Surveyors. (Record no. 92983)

MARC details
000 -LEADER
fixed length control field 01262cam a2200277 4500
008 - FIXED-LENGTH DATA ELEMENTS--GENERAL INFORMATION
fixed length control field 090401t1975 xxu||||| |||| 00| 0 eng d
020 ## - INTERNATIONAL STANDARD BOOK NUMBER
International Standard Book Number 0372016588
035 ## - SYSTEM CONTROL NUMBER
System control number (Sirsi) u52017
041 ## - LANGUAGE CODE
Language code of text/sound track or separate title eng
050 ## - LIBRARY OF CONGRESS CALL NUMBER
Classification number 711.1
110 ## - MAIN ENTRY--CORPORATE NAME
Corporate name or jurisdiction name as entry element Law Society of England and Wales
9 (RLIN) 1639
245 #4 - TITLE STATEMENT
Title The new law of the land: papers from a conference organised by the Law Society, the Bar Council and the Royal Institution of Chartered Surveyors.
260 ## - PUBLICATION, DISTRIBUTION, ETC.
Place of publication, distribution, etc. London
Name of publisher, distributor, etc. HFL (Publishers) Ltd.
Date of publication, distribution, etc. 1975
300 ## - PHYSICAL DESCRIPTION
Extent 69p. ; 25cm.
350 ## - PRICE (NR) (BK AM CF MU VM SE) [OBSOLETE]
Price 2.8
520 ## - SUMMARY, ETC.
Summary, etc. Papers:- Legislative changes in land control/ HEAP, DESMOND - The local authority`s role/ BOYNTON, JOHN K. - The job to be done by local government/ SMART, ARTHUR D.G. - The landowners` role/ JAMES, JOHN N.C. - The developer`s role/ BRACKETT, FREDERICK J.H. - Reflections/ CROWE, SYLVIA - Changes in planning law/ HYDE, GORDON B. - Planning procedure changes: the Dobry Committee report/ DOBRY, GEORGE L.S.
650 ## - SUBJECT ADDED ENTRY--TOPICAL TERM
Topical term or geographic name entry element COMMUNITY LAND BILL
650 ## - SUBJECT ADDED ENTRY--TOPICAL TERM
Topical term or geographic name entry element DEVELOPMENT LAND TAX
650 ## - SUBJECT ADDED ENTRY--TOPICAL TERM
Topical term or geographic name entry element DEVELOPMENT VALUE
650 ## - SUBJECT ADDED ENTRY--TOPICAL TERM
Topical term or geographic name entry element TAXATION
690 ## - LOCAL SUBJECT ADDED ENTRY--TOPICAL TERM (OCLC, RLIN)
Topical term or geographic name as entry element TAXATION
710 ## - ADDED ENTRY--CORPORATE NAME
Corporate name or jurisdiction name as entry element General Council of the Bar
9 (RLIN) 691
710 ## - ADDED ENTRY--CORPORATE NAME
Corporate name or jurisdiction name as entry element Royal Institution of Chartered Surveyors
9 (RLIN) 4900
942 ## - ADDED ENTRY ELEMENTS (KOHA)
Suppress in OPAC 0
948 ## - LOCAL PROCESSING INFORMATION (OCLC); SERIES PART DESIGNATOR (RLIN)
c (OCLC) 04/03/1997
Holdings
Withdrawn status Lost status Source of classification or shelving scheme Damaged status Not for loan Home library Current library Shelving location Date acquired Cost, normal purchase price Total Checkouts Full call number Barcode Date last seen Copy number Cost, replacement price Price effective from Koha item type
    Dewey Decimal Classification     London London Basement 28/01/1992 2.80   SHELF 118 30000551 06/08/2019 1 2.80 06/08/2019 Book